000 00589nam a2200193Ia 4500
005 20250923145010.0
008 008 250917s9999 xx 000 0 eng d
037 _aTextual
040 _aDSWL
_beng
_cDSWL
041 _aeng
_2eng
084 _aY:81(X:8)P1,N63, N64
_qDSWL
245 0 _aMeetings of group experts on housing management and tenant education
_cby United Nations
260 _aNew York
_b United Nations
_c1964
300 _av,81 p.
365 _aUSD
_b2
925 _g2
942 _cTEXL
_hY:81(X:8)P1,N63, N64
999 _c1445883
_d1445883